|
|
|
|
| LEADER |
01410nam a2200289 a 4500 |
| 001 |
5680 |
| 003 |
BD-DhAAL |
| 005 |
20150606122421.0 |
| 008 |
150606s1997 dcua b 001 0 eng |
| 010 |
|
|
|a 96024305
|
| 020 |
|
|
|a 0471144223 (cloth : alk. paper)
|
| 040 |
|
|
|a DLC
|c DLC
|d DLC
|d BD-DhAAL
|
| 050 |
0 |
0 |
|a Z731
|b .J75 1997
|
| 082 |
0 |
0 |
|a 027.473
|2 20
|
| 100 |
1 |
|
|a Jones, Theodore,
|d 1957-
|9 11697
|
| 245 |
1 |
0 |
|a Carnegie libraries across America :
|b a public legacy /
|c Theodore Jones.
|
| 260 |
|
|
|a [Washington, D.C.] :
|b Preservation Press ;
|a New York :
|b John Wiley,
|c c1997.
|
| 300 |
|
|
|a xii, 181 p. :
|b ill. ;
|c 26 cm.
|
| 504 |
|
|
|a Includes bibliographical references (p. 167-170) and index.
|
| 541 |
|
|
|e 5680
|
| 650 |
|
0 |
|a Carnegie libraries
|z United States
|x History.
|9 11698
|
| 650 |
|
0 |
|a Library buildings
|z United States
|x History.
|9 11699
|
| 942 |
|
|
|2 ddc
|c BK
|
| 999 |
|
|
|c 34612
|d 34612
|
| 952 |
|
|
|0 0
|1 0
|2 ddc
|4 0
|6 027_473000000000000_JON
|7 0
|9 54049
|a SCL
|b SCL
|c GEN
|d 2015-06-06
|e Gift: The Asia Foundation
|l 0
|o 027.473 JON
|p 3020005680
|r 2015-06-06
|t 1
|w 2015-06-06
|y BK
|
| 952 |
|
|
|0 0
|1 0
|2 ddc
|4 0
|6 027_473000000000000_JON
|7 0
|9 54050
|a SCL
|b SCL
|c GEN
|d 2015-06-06
|e Gift: The Asia Foundation
|l 0
|o 027.473 JON
|p 3020006069
|r 2015-06-06
|t 2
|w 2015-06-06
|y BK
|
| 952 |
|
|
|0 0
|1 0
|2 ddc
|4 0
|6 027_473000000000000_JON
|7 0
|9 54051
|a SCL
|b SCL
|c GEN
|d 2015-06-06
|e Gift: The Asia Foundation
|l 0
|o 027.473 JON
|p 3020003974
|r 2015-06-06
|t 3
|w 2015-06-06
|y BK
|